Taller por taller, el lugar de la historia: Gracia Barrios y José Balmes
Gorde:
| Formatua: | Liburua |
|---|---|
| Hizkuntza: | gaztelania ingelesa |
| Argitaratua: |
Santiago
Centro Cultural Matucana 100
2002
|
| Gaiak: | |
| Etiketak: |
Etiketa erantsi
Etiketarik gabe, Izan zaitez lehena erregistro honi etiketa jartzen!
|
MARC
| LEADER | 00000nam a2200000 a 4500 | ||
|---|---|---|---|
| 001 | UCM8888 | ||
| 003 | CL-VaPUC | ||
| 008 | 030404e20020000CL |||||||||||||||||spa|d | ||
| 041 | 0 | 7 | |a spa |2 CL-VaPUC |
| 041 | 0 | 7 | |a eng |2 CL-VaPUC |
| 082 | 0 | 4 | |a 759.983 |b TAL |2 21 |
| 245 | 1 | 0 | |a Taller por taller, el lugar de la historia: Gracia Barrios y José Balmes |
| 300 | |a 59 p | ||
| 942 | |c BK | ||
| 945 | |d 20030404 00:00:00 |a cmena | ||
| 260 | |a Santiago |b Centro Cultural Matucana 100 |c 2002 | ||
| 600 | 0 | |a Barrios, Gracia |9 475171 | |
| 600 | 0 | |a Balmes, José |9 475172 | |
| 650 | 0 | |a Pintura chilena |9 266171 | |
| 650 | 0 | |a Pintores chilenos Siglo 20 |9 314455 | |
| 650 | 7 | |a EXPOSICIONES ARTISTICAS |2 CL-VaPUC |9 475173 | |
| 651 | 7 | |a CHILE |2 CL-VaPUC |9 475174 | |
| 583 | |a last modification |c 20030404 00:00:00 |k Rodrigo Vera | ||
| 999 | |c 303304 |d 303302 | ||
| 952 | |0 0 |1 0 |4 0 |6 759_983000000000000_TAL_2002 |7 0 |8 R |9 364511 |a BIBART |b BIBART |d 2019-11-21 |i 388919K |l 2 |o 759.983 TAL 2002 |p 388919K |r 2025-03-13 |s 2023-09-20 |w 2019-11-21 |y BK_R |k ART | ||